Statistics for Basic Greeting in Spanish Vocabulary Words

Click here to take the quiz!

General Stats

  • This quiz has been taken 10,773 times
    (10,772 since last reset)
  • The average score is 14 of 22

Answer Stats

Hint Answer % Correct
yes
99%
nono
99%
hellohola
97%
thank yougracias
87%
good morningbuenos días
81%
good byeadiós
80%
my name isme llamo
78%
you're welcomede nada
72%
good nightbuenas noches
70%
I don't speak SpanishYo no hablo español
69%
I like...Me gusta ...
67%
good afternoonbuenas tardes
65%
how are you?¿cómo estás?
60%
where is...?¿Dónde está ...?
53%
do you speak English?¿Habla Inglés?
53%
what time is it?¿Qué hora es?
48%
I don't understandNo entiendo
43%
I am 50 years oldTengo 50 años
42%
where do you live?¿dónde vives?
39%
see you soonhasta pronto
36%
speak slowlyhable despacio
32%
what is this?¿Qué es esto?
27%

Score Distribution

Percentile by Number Answered

Percent of People with Each Score

Your Score History

You have not taken this quiz since the last reset